Miasta w województwie podkarpackim - Statystyki

Ogólne statystyki
  • Ten quiz został rozwiązany 209 razy
    27 od ostatniego zresetowania
  • Średni wynik to 51 z 54
Statystyki odpowiedzi
Miasto Liczba mieszkańców % Poprawnych
Bircza 973
100%
Boguchwała 6315
100%
Dębica 42 421
100%
Dubiecko 774
100%
Dukla 1915
100%
Dynów 5941
100%
Jarosław 34 870
100%
Jasło 32 205
100%
Krosno 43 454
100%
Łańcut 17 776
100%
Lesko 5022
100%
Leżajsk 12 478
100%
Mielec 56 286
100%
Nisko 14 220
100%
Pilzno 4950
100%
Przemyśl 54 878
100%
Przeworsk 14 354
100%
Ropczyce 15 863
100%
Rudnik nad Sanem 6281
100%
Rymanów 3475
100%
Rzeszów 198 540
100%
Sędziszów Małopolski 12 423
100%
Sieniawa 1960
100%
Stalowa Wola 53 897
100%
Tarnobrzeg 42 947
100%
Tyczyn 4680
100%
Baranów Sandomierski 1386
90%
Błażowa 2054
90%
Brzostek 2659
90%
Brzozów 7153
90%
Cieszanów 1774
90%
Głogów Małopolski 11 015
90%
Iwonicz-Zdrój 1490
90%
Jawornik Polski 1143
90%
Kańczuga 2852
90%
Kołaczyce 1351
90%
Kolbuszowa 8351
90%
Lubaczów 11 203
90%
Narol 1934
90%
Nowa Dęba 10 173
90%
Nowa Sarzyna 5223
90%
Oleszyce 2760
90%
Radomyśl Wielki 3469
90%
Radymno 4841
90%
Sanok 33 677
90%
Sokołów Małopolski 4400
90%
Strzyżów 8296
90%
Ulanów 1335
90%
Ustrzyki Dolne 8204
90%
Zagórz 4844
90%
Zaklików 2725
90%
Jedlicze 5429
80%
Pruchnik 3611
80%
Przecław 1834
80%
Nie znaleziono quizów pasujących do podanych kryteriów
Rozkład punktacji
Procent ludzi z każdym wynikiem
Percentyl według liczby udzielonych odpowiedzi
Twoja historia wyników
Nie rozwiązałeś tego quizu od ostatniego zresetowania